1458 1694 1549 1529 1839 1617 1776 1723 1222 1654 1317 1016 1796 1250 1357 1604 1418 1160 1354 1948 1264 1542 1355 1866 1523 1857 1320 1520 1359 1168 1592 1531 1070 1976 1380 1618 1488 1684 1425 1420 1069 1789 1150 1507 1079 1226 1447 1681 1448 1943 1579 1472 1721 1910 1706 1094 1606 1165 1192 1267 1346 1944 1250 1312 1280 1527 1816 1926 1154 1683 1164 1635 1660 1527 1472 1124 1287 1612 1692 1237 1178 1831 1763 1531 1592 1779 1991 1526 1214 1502 1848 1504 1694 1673 1039 1358 1674 1211 1946 BCNSPRNW ULIB Ver.6.0+V

เปลี่ยนเป็นภาษาไทย

Change to English
 แสดงรายละเอียดบรรณานุกรม
  กลับหน้าหลัก

Brief Record : Get Marc (ISO 2709) : E-mail record : QR code < ปิดหน้าต่าง
LEADER : 00000nam 2200000uu 4500
001    13399121987
003     ULIB
008    121218s2551||||th 000 0 tha d
020    ^a9789741654512
060 04 ^aWL346^bส984อ 2551
100 0  ^aโสภา พิชัยยงค์วงศ์ดี
245 10 ^aออกกำลังกายพิชิตอัมพาตครึ่งซีก /^cโสภา พิชัยยงค์วงศ์ดี
250    ^aพิมพ์ครั้งที่ 1
260    ^aกรุงเทพฯ :^bหมอชาวบ้าน,^c2551
300    ^a101 หน้า :^bภาพประกอบ
650  7 ^aอัมพาตครึ่งซีก^xรักษา
650  7 ^aออกกำลังกาย^xอัมพาต
945    ^p115^l0^i15449
995    ^aทศพร
999    ^aทศพร เกษรทอง
รายการนี้ยังไม่มีแท็ก
คุณยังไม่ได้ล็อกอิน คุณสามารถมีกิจกรรมร่วมกับเว็บไซต์ได้ แต่ต้องล็อกอินก่อน ::
  ล็อกอิน

รายการสื่อสารสนเทศ

ลำดับที่ ประเภท เลขเรียก/บาร์โค้ด สถานที่ สถานะ
1. วิทยาศาสตร์การแพทย์ และสุขภาพ
วิทยาศาสตร์การแพทย์ และสุขภาพ
WL346 ส984อ 2551 ฉ.1 
  Barcode: 15449
ห้องสมุดวิทยาเขตสวรรค์ประชารักษ์
►หนังสือทั่วไป
บนชั้น

รายการใกล้เคียง
    ผู้แต่ง [โสภา พิชัยยงค์วงศ์ดี]

BibComment


ยังไม่เคยถูกคอมเมนท์

คอมเมนท์ทรัพยากรรายการนี้
  คอมเมนท์: ออกกำลังกายพิชิต..


 Copyright 2026. Bcnsprnw @Library